000 01140cab a2200217 4500
001 ABS68402
008 041126n2004 000 0 eng u
035 _a(Sirsi) u128163
100 _aMahoney, C.
245 _aHow building pathology affects you
260 _c2004
490 _aRICS Building Surveying Faculty: The Journal
_v(12) November 2004, 8-9(2)
520 _aLooks at the way in which certain building defects may impact on the working lives of building surveyors. Highlights the work of the RICS Building Pathology Working Group, which meets frequently to evaluate current issues of building defects and forms of construction. Examines the emerging topic of recycling building materials. Also discusses how many recycled materials can be used as forms of insulation. Invites building surveyors to submit emerging problems to the working group by contacting Chris Mahoney at [email protected].
590 _aABS
650 _aBUILDING PATHOLOGY
650 _aBUILDING DEFECTS
650 _aRECYCLING OF BUILDING MATERIALS
650 _aINSULATION
690 _aBUILT ENVIRONMENT-BUILDING PATHOLOGY
942 _n0
999 _c74640
_d74640